Polskie miasta nad morzem - nagła śmierć - Statystyki

Ogólne statystyki
  • Ten quiz został rozwiązany 604 razy
    400 od ostatniego zresetowania
  • Średni wynik to 9 z 15
Answers on the Grid
Answers color-coded by a green-red scale on the quiz's grid according to % correct below.
Mielno
Władysławowo
Darłowo
Słupsk
Łęczyce
Dziwnów
Gryfice
Łeba
Puck
Braniewo
Nowy Dwór Gdański
Hel
Sławno
Gdynia
Świnoujście
Nowograd
Kołobrzeg
Gdańsk
Krynica Morska
Elbląg
Frombork
Strzelno
Krokowa
Jastarnia
Białograd
Tczew
Miętno
Biały Bór
Ustka
Nowy Dwór Gdański
 
Statystyki odpowiedzi
Odpowiedź % Poprawnych
Mielno
88%
Władysławowo
86%
Darłowo
79%
Hel
70%
Łeba
66%
Gdynia
63%
Gdańsk
62%
Kołobrzeg
61%
Świnoujście
61%
Ustka
60%
Krynica Morska
55%
Jastarnia
52%
Puck
46%
Dziwnów
44%
Frombork
10%
Nie znaleziono quizów pasujących do podanych kryteriów
Rozkład punktacji
Procent ludzi z każdym wynikiem
Percentyl według liczby udzielonych odpowiedzi
Twoja historia wyników
Nie rozwiązałeś tego quizu od ostatniego zresetowania